000 01227nam0a2200325 i 4500
001 RU\NLR\BIBL_A\010972830
005 20240921175946.0
010 _a9785906061805
_9500
021 _aRU
_b2016-1928
_9118
035 _a(NILC)RuMoRGB-008117556
035 _a(NLR Aleph) 010972830
090 _a10831981
_c10831981
100 _a20160208d2016 km y0rusy50 ca
101 0 _arus
102 _aRU
105 _ay|||z|||000yy
200 1 _aЕвреи на Ставрополье
_eс древнейших времен до 1917 года
_fРоман Нутрихин, Станислав Савченко
210 _aСтаврополь
_cТэсэра
_d2016
215 _a230, [1] с.
_d21
320 _aБиблиогр. в примеч.: с. 215-229
606 1 _aЕвреи
_xИстория
_yСтавропольский край
_92278376
_3RU\NLR\AUTH\6601593616
675 _a94(47)
686 1 _aТ3(29=Е)
_bТ3(2Р-4Ст)0,02
700 1 _aНутрихин
_bР.В.
_f1982-
_gРоман Владимирович
701 1 _aСавченко
_bС. П.
_gСтанислав П
801 0 _aRU
_bРГБ
_c20160119
_gRCR
942 _cBOOK
980 _aNBR